thutmosis iii : 1490-1436 v. chr.: das agyptische weltreich auf dem hohepunkt der macht /

محفوظ في:

المؤلف الرئيسي: tulhoff, angelika

التنسيق: كتاب

اللغة: Undetermined

منشور في: munchen : callwey, 1984.

الموضوعات:

الوسوم: إضافة وسم

لا توجد وسوم, كن أول من يضع وسما على هذه التسجيلة!

رقم الطلب: DT87.2 .T850

LEADER 00739nam a2200181Ia 4500
008 220401s9999||||xx |||||||||||||| ||und||
020 |a 3766707094 
050 4 |a DT87.2 .T850 
100 1 |a tulhoff, angelika 
245 1 0 |a thutmosis iii :  |b 1490-1436 v. chr.: das agyptische weltreich auf dem hohepunkt der macht /  |c angelika tulhoff. 
264 1 |a munchen :  |b callwey,  |c 1984. 
300 |a 279p., (16)p. of plates :  |b ill., maps ;  |c 23cm. 
500 |a biBLiography. 
650 1 4 |a egypt history eighteenth dynasty, ca. 1570-1320 b.c.. 
650 1 4 |a thutmose iii, king of egypt. 
942 |2 lcc  |c BK 
952 |0 0  |1 0  |2 lcc  |4 0  |6 DT00872 T850  |7 1  |9 39538  |a ARCE  |b ARCE  |d 2022-04-01  |l 0  |o DT87.2 .T850  |p 1002595  |r 2022-04-01 00:00:00  |w 2022-04-01  |y BK 
999 |c 47119  |d 47119